00631nam a2200157Ia 4500008004100000100002000041245009700061245007400158260005300232260000900285300001100294650001500305856006100320999001900381952007300400170221s9999 xx 000 0 und d aBahtiar Mohamad aIntrinsic Work Values on Building ASEAN’s Future Workforce: A Comparison of Three Nations  cBahtiar Mohamad, Jafri Zulkepli, Ahmed Rageh Ismail, Hassan Abu Bakar bInternational Review of Management and Marketing c2016 a6 : 7S xMarketing. uhttp://www.econjournals.com/index.php/irmm/issue/view/91 c308322d308322 001040aCLbCLd2017-02-21l0r2017-02-21 00:00:00w2017-02-21yFOJ